|
|
|
|
| LEADER |
00816cam a2200229 7i4500 |
| 001 |
0000033455 |
| 005 |
20160623090000.0 |
| 007 |
##ta |
| 008 |
160602 s2015 |
| 040 |
# |
# |
|a MATR
|
| 090 |
0 |
0 |
|a MORC 658.834
|b CON
|
| 245 |
0 |
0 |
|a CONSUMER LIFESTYLES IN MOROCCO
|c Euromonitor International.
|
| 264 |
# |
1 |
|a London:
|b Euromonitor International,
|c 2015.
|
| 300 |
# |
# |
|a ii, 36 pages:
|b illustrations;
|c 24 cm.
|
| 336 |
# |
# |
|a text
|2 rdacontent
|
| 337 |
# |
# |
|a unmediated
|2 rdamedia
|
| 338 |
# |
# |
|a volume
|2 rdacarrier
|
| 490 |
0 |
# |
|a Market report - January 2015
|
| 650 |
# |
0 |
|a Consumer behaviour --
|x Markets --
|z Morocco
|
| 650 |
# |
0 |
|a Consumer lifestyles --
|x Markets --
|z Morocco
|
| 650 |
# |
0 |
|a Consumer --
|x Research --
|x Markets --
|z Morocco
|
| 999 |
|
|
|a B000036301
|b Book
|c Countries
|e Business Information Centre
|